Ends in "-ary" - Statistics

General Stats
  • This quiz has been taken 37 times
  • The average score is 19 of 30
Answer Stats
Hint Answer % Correct
The other month that fits this quiz February
96%
Month named for a two-faced Roman god January
96%
Where you go to borrow books and other materials Library
93%
A female organ that produces egg cells Ovary
93%
Alone, or, where disruptive prison inmates are sent Solitary
93%
Before blogs, a book to write your daily thoughts in Diary
89%
Having to do with the armed forces Military
86%
Fancy writing paper, or, remaining in one place Stationary
82%
All the words you know Vocabulary
75%
A camel with only one hump on its back Dromedary
71%
Having to do with money Monetary
71%
An Administrative Assistant, or, the title of some Cabinet officers Secretary
71%
"Extra" special or unusual Extraordinary
68%
Important name in the Bible Mary
68%
Not special or unusual Ordinary
68%
An opponent or foe Adversary
64%
A yearly commemoration or celebration Anniversary
61%
The smallest type of blood vessel Capillary
61%
A place of safety or refuge, sometimes found in churches Sanctuary
61%
Not mandatory Voluntary
61%
Michael Jackson's hometown in Indiana, or, Spongebob's pet snail Gary
57%
One of the three types of rocks, like shale, slate or sandstone Sedimentary
57%
A place to place your bee hives Apiary
54%
One who formulates medicines, or the shop from which they work Apothecary
54%
One who estimates risk for the insurance industry Actuary
43%
According to some WWI soldiers, "it's a long way" to this Irish town (or county) Tipperary
32%
A police force in the UK and some other countries Constabulary
25%
Referring to the arteries that supply blood to the heart Coronary
21%
The usual way in which things are done Customary
21%
The art of shaping stones, especially gems Lapidary
7%
No matching quizzes found
Score Distribution
Percent of People with Each Score
Percentile by Number Answered
Your Score History
You have not taken this quiz